| 000 | 00514nam a22001817a 4500 | ||
|---|---|---|---|
| 999 |
_c526285 _d526285 |
||
| 003 | NUST | ||
| 020 | _a978-969-448-097-8 | ||
| 038 | _aNUST | ||
| 082 |
_a297.07 _bREH |
||
| 100 |
_aKhalid Rehman _917261 |
||
| 245 |
_aPakistan mein deeni taleem / _cKhalid Rehman. |
||
| 260 |
_aIslambad : _bInstitute of Policy studies , _c2009. |
||
| 300 |
_a367 p.: _c22 cm. |
||
| 500 | _aHardback. | ||
| 880 |
_6100-01\r _aخالد رحمن |
||
| 880 |
_6245-02\r _aپاکستان میں دینی تعیلم |
||
| 942 |
_2ddc _cBK |
||